Despuš vino el silencio Memorias del secuestro en Antioquia /

Detalles Bibliográficos
Autor principal: Gallego Garca̕, Gloria Mara̕
Formato: eBook
Lenguaje:español
Publicado: Bogot:̀ Siglo del Hombre Editores, 2019
Materias:
Acceso en línea:Acceso restringido

MARC

LEADER 00000nam a22000007a 4500
005 2021050407307.0
007 cr|||| |||
008 210504s2019 co |||||s|||| 00||0 spa d
020 |a 978-958-665-580-4 
035 |a 33251 
040 |a vLex 
090 |c 11612  |d 11612 
100 1 |a Gallego Garca̕, Gloria Mara̕ 
245 1 0 |a Despuš vino el silencio  |h [Recurso electrn̤ico] :  |b Memorias del secuestro en Antioquia /  |c Gloria Mara̕ Gallego Garca̕ 
256 |a Servicio en ln̕ea 
260 |a Bogot:̀  |b Siglo del Hombre Editores,  |c 2019 
300 |a 1 recurso electrn̤ico 
500 |a Este libro es un fruto de la investigacin̤ narrativa sobre el secuestro asociado al conflicto armado colombiano, la huella profunda que esta prc̀tica ha dejado en el pas̕ y, especf̕icamente en Antioquia, departamento en el cual se cometieron el 20% de la totalidad de los secuestros reportados entre 1958 y 2018. Tiene como objeto registrar las diversas facetas del sufrimiento causado por el prolongado conflicto armado colombiano, y hacer que las historias de las personas secuestradas salgan a la luz. Los relatos dan cuenta de los mecanismos de la inhumanidad, pero tambiň permiten conocer la resiliencia desplegada por las vc̕timas antes, durante y despuš del secuestro. 
506 1 |a Disponible solo en los productos indicados  |d vLex Global  |d vLex Global (Academic Edition, excluding Law Schools)  |d vLex Global (U.S. Academic Edition, Law Schools)  |d vLex Global (U.S. Academic Edition, excluding Law Schools)  |d vLex Global (Academic Edition, Law Schools) 
650 0 4 |a Derecho Pb︢lico y Administrativo  |z Colombia 
740 0 |a vLex Libros (Servicio en ln̕ea) 
856 4 0 |u https://vlex.com/source/despues-vino-el-silencio-memorias-del-secuestro-en-antioquia-33251  |z Acceso restringido 
942 |c BOOK 
999 0 |a Public and Administrative Law